| 000 | 00386nam a2200169Ia 4500 | ||
|---|---|---|---|
| 003 | LK-CoDNM | ||
| 008 | 010623t xxu||||| |||| 00| 1 sin d | ||
| 040 |
_aLK-CoDNM _dLK-CoDNM _eLK-CoDNM |
||
| 041 | _asin | ||
| 080 | _a(x) 92 | ||
| 245 | _aමගේ සේවය | ||
| 246 | _aMage sewaya | ||
| 300 | _b9, 21.5 cm | ||
| 650 | _aBiography | ||
| 650 | _aKavisena Herath | ||
| 942 | _cBK | ||
| 999 |
_c140108 _d140108 |
||